000 00378nam a22001457a 4500
008 210308b ||||| |||| 00| 0 eng d
020 _a9780131519305
041 _aeng
080 _2third
_a311
082 _2311
100 _a55
101 _aSTA
245 _aSTATISTICS for the BEHAVIORAL and SOCIAL SCIENCES
_cArthur Aron , Elaine N, Aron, Eliot Coups
942 _2udc
_cBK
999 _c56010
_d56010